000 00791nam a2200241 i 4500
001 189288
003 SpMaBN
005 20230906223434.0
008 190521s1971 sp |||| | spa d
080 _a222.4.017
100 1 _aAuzou, Georges.
_9167048
245 1 3 _aLa danza ante el arca
_b: estudio de los libros de Samuel /
_cGeorges Auzou ; [traducción por Antonio G. Fraile].
260 _aMadrid :
_bFax,
_c[1971]
300 _a414 p. ;
_c22 cm.
490 1 _aActualidad bíblica ;
_v15
500 _aÍndices.
630 0 7 _aBiblia.
_pA.T.
_pReyes-
_xCrítica e interpretación.
_9167069
700 1 _aGonzález Fraile, Antonio.
_9167051
740 0 _aLibros de Samuel.
830 0 _aActualidad bíblica ;
_v15
_9193281
852 _aES-MaACL
_jJ-9(14)
999 _c189288
_d189288